La fauna de los estratos de "Pygope Aspasia" Menegh. del Liásico Medio del Rincón de Egea en el NW. de la provincia de Murcia / (Record no. 174169)

MARC details
000 -LEADER
campo de control de longitud fija 01103namaa2200229 i 4500
001 - NÚMERO DE CONTROL
campo de control 174169
003 - IDENTIFICADOR DE NÚMERO DE CONTROL
campo de control ES-MaACL
005 - FECHA Y HORA DE LA ÚLTIMA TRANSACCIÓN
campo de control 20250815105806.0
008 - DATOS DE LONGITUD FIJA--INFORMACIÓN GENERAL
campo de control de longitud fija 100301s1923 sp | |||| ||spa d
040 ## - FUENTE DE CATALOGACIÓN
Centro catalogador/agencia de origen SpMaBN
Lengua de catalogación spa
Centro/agencia transcriptor SpMaBN
Normas de descripción rdc
080 ## - NÚMERO DE LA CLASIFICACIÓN DECIMAL UNIVERSAL
Número de la Clasificación Decimal Universal 56(460.33)"6152"
100 1# - ENTRADA PRINCIPAL--NOMBRE DE PERSONA
Nombre de persona Jiménez de Cisneros, Daniel.
9 (RLIN) 142208
245 13 - MENCIÓN DEL TÍTULO
Título La fauna de los estratos de "Pygope Aspasia" Menegh. del Liásico Medio del Rincón de Egea en el NW. de la provincia de Murcia /
Mención de responsabilidad, etc. por Daniel Jiménez de Cisneros.
260 ## - PUBLICACIÓN, DISTRIBUCIÓN, ETC.
Lugar de publicación, distribución, etc. Madrid :
Nombre del editor, distribuidor, etc. Junta para Ampliación de Estudios e Investigaciones Científicas,
Fecha de publicación, distribución, etc. 1923 (
Fabricante Jiménez y Molina Imp.)
300 ## - DESCRIPCIÓN FÍSICA
Extensión 55 p., VI h. de lám. :
Otras características físicas il. ;
Dimensiones 23 cm.
490 1# - MENCIÓN DE SERIE
Mención de serie Trabajos del Museo Nacional de Ciencias Naturales. Serie geológica ;
Designación de volumen o secuencia 30
650 #4 - PUNTO DE ACCESO ADICIONAL DE MATERIA--TÉRMINO DE MATERIA
Término de materia o nombre geográfico como elemento de entrada Paleontología-
Subdivisión geográfica Murcia (Comunidad Autónoma)
9 (RLIN) 142260
710 2# - ENTRADA AGREGADA--NOMBRE DE ENTIDAD CORPORATIVA
Nombre de entidad corporativa o nombre de jurisdicción como elemento de entrada Junta para la Ampliación de Estudios e Investigaciones Científicas.
9 (RLIN) 5413
830 00 - PUNTO DE ACCESO ADICIONAL DE SERIE-TÍTULO UNIFORME
Título uniforme Trabajos del Museo Nacional de Ciencias Naturales.
Nombre de parte o sección de la obra Serie geológica
Designación de volumen o secuencia 30
9 (RLIN) 189286
852 ## - LOCALIZACIÓN
Ubicación ES-MaACL
Número de control de estantería B-13131(1)
Holdings
Estatus retirado Estado de pérdida Estado de daño No para préstamo Biblioteca de origen Biblioteca actual Ubicación en estantería Fecha de adquisición Fuente de adquisición Total de préstamos Signatura topográfica completa Código de barras Visto por última vez Precio de reemplazo Tipo de ítem Koha
        Biblioteca del Ateneo de Madrid Biblioteca del Ateneo de Madrid Sala Pardo Bazán 01/03/2010     B-13131(1) 1182820 23/02/2023 23/02/2023 Libro impreso